00535 a2200133 4500020002700000020003000027082001200057100002200069245022200091250001200313260003900325300002100364700001600385 a0750309504 (paperback) a9780750309509 (paperback)04a539.7211 aAitchison, I.J.R.10aGauge theories in particle physics, third edition - 2 volume set : Vol 2bgauge theories in particle physics, .nVol. 2 :bnon-abelian gauge theories :bqcd and the electroweak theory /cI.J.R. Aitchison, A.J.G. Hey. a3rd ed. a[S.l.] :bTaylor & Francis,c2003. a466 p. ;c24 cm.1 aHey, A.J.G.